[Event "Westerndorf St.Peter/Rosenheim"]
[Site "Westerndorf St.Peter/Rosenheim"]
[Date "2015.08.27"]
[Round "8.2"]
[White "Dehlinger, Alexander"]
[Black "Manakov, Ilya"]
[Result "1/2-1/2"]
[WhiteElo "2258"]
[BlackElo "2340"]
[PlyCount "74"]
[EventDate "2015.??.??"]
[WhiteTeam "SC Garching 1980"]
[BlackTeam "TV Tegernsee"]

1. Nf3 g6 2. d4 Bg7 3. c4 d6 4. Nc3 Nd7 5. g3 e5 6. Bg2 Ne7 7. O-O O-O 8. e4
Nc6 9. Be3 exd4 10. Nxd4 Nde5 11. Nxc6 bxc6 12. Qa4 Be6 13. c5 Nc4 14. Bc1 Rb8
15. cxd6 Qxd6 16. Bf4 Qc5 17. Rac1 Nxb2 18. Qc2 Qa5 19. Nd5 cxd5 20. Bxc7 Qxa2
21. Bxb8 Rxb8 22. exd5 Bxd5 23. Qc7 Rf8 24. Bxd5 Qxd5 25. Qxa7 Bd4 26. Qa6 Nd3
27. Qc6 Qf5 28. Rcd1 Rc8 29. Qxc8+ Qxc8 30. Rxd3 Qc4 31. Rfd1 Bc5 32. h4 Qe4
33. R1d2 Kg7 34. Rd5 Qe1+ 35. Kg2 Bxf2 36. Rd1 Qe2 37. R1d2 Qg4 1/2-1/2

[Event "Westerndorf St.Peter/Rosenheim"]
[Site "Westerndorf St.Peter/Rosenheim"]
[Date "2015.08.27"]
[Round "8.3"]
[White "Baldauf, Marco"]
[Black "Knechtel, Roland"]
[Result "1-0"]
[WhiteElo "2413"]
[BlackElo "2264"]
[PlyCount "69"]
[EventDate "2015.??.??"]
[WhiteTeam "SG Pang-Rosenheim 1910"]
[BlackTeam "SV Röhrnbach"]

1. d4 d5 2. c4 c6 3. Nf3 Nf6 4. e3 a6 5. Nc3 Bf5 6. Ne5 e6 7. g4 Be4 8. f3 Bg6
9. h4 Ng8 10. h5 f6 11. hxg6 fxe5 12. gxh7 Nh6 13. dxe5 Rxh7 14. Qc2 Rh8 15.
Qg6+ Ke7 16. e4 Qe8 17. Qxe8+ Kxe8 18. exd5 Bb4 19. dxe6 Ke7 20. g5 Nf7 21.
Rxh8 Nxh8 22. Bh3 Ng6 23. f4 c5 24. Kf2 Bxc3 25. bxc3 Nc6 26. Be3 b6 27. Rb1
Rb8 28. Kg3 Kd8 29. Rd1+ Ke8 30. Bg2 Na5 31. Be4 Ne7 32. Rh1 Kd8 33. Rh8+ Kc7
34. Rxb8 Kxb8 35. f5 1-0

[Event "Westerndorf St.Peter/Rosenheim"]
[Site "Westerndorf St.Peter/Rosenheim"]
[Date "2015.08.27"]
[Round "8.4"]
[White "Miller, Eduard"]
[Black "Kleibel, Uwe"]
[Result "1-0"]
[WhiteElo "2207"]
[BlackElo "2195"]
[PlyCount "129"]
[EventDate "2015.??.??"]
[WhiteTeam "SC Erlangen 48/88"]
[BlackTeam "SV Röhrnbach"]

1. e4 d6 2. d4 Nf6 3. f3 e5 4. d5 Nbd7 5. Be3 Be7 6. Qd2 c6 7. c4 Nh5 8. Nc3 a5
9. O-O-O a4 10. Kb1 O-O 11. Nge2 Nb6 12. Ng3 Nf4 13. Nf5 Bxf5 14. exf5 cxd5 15.
cxd5 Rc8 16. g3 Nh5 17. Rc1 Nc4 18. Bxc4 Rxc4 19. Nb5 Rxc1+ 20. Rxc1 Qd7 21.
Qd3 Rc8 22. Rxc8+ Qxc8 23. Nc3 Qd7 24. g4 Nf6 25. Qc4 Bd8 26. h3 Ba5 27. Nb5
Bd8 28. Bg5 Bb6 29. Qxa4 h6 30. Bxf6 gxf6 31. Qc4 Kg7 32. Nc3 Qd8 33. Ne4 Ba5
34. Qb5 Qc7 35. a3 Bb6 36. Ng3 Kf8 37. Ne4 Ke7 38. Qb4 Ba5 39. Qa4 Bb6 40. Qc2
Qd7 41. Qc4 Be3 42. a4 Bd4 43. Ka2 Be3 44. Ka3 Bd4 45. b4 Be3 46. Kb3 Qd8 47.
Qc3 Bf4 48. a5 Qd7 49. Qc4 Be3 50. b5 Qd8 51. Kb4 Kf8 52. Ka4 Ke7 53. Qc3 Bf4
54. Kb4 Qd7 55. b6 Qd8 56. Qc7+ Qxc7 57. bxc7 Kd7 58. Nxd6 Kxc7 59. Nxf7 Kd7
60. Kb5 Ke7 61. Kb6 Kxf7 62. Kxb7 Ke7 63. a6 Be3 64. Kc7 Bc5 65. a7 1-0

[Event "Westerndorf St.Peter/Rosenheim"]
[Site "Westerndorf St.Peter/Rosenheim"]
[Date "2015.08.27"]
[Round "8.6"]
[White "Lederle, Vitus"]
[Black "Schmid, Roland"]
[Result "1/2-1/2"]
[WhiteElo "2215"]
[BlackElo "2326"]
[PlyCount "107"]
[EventDate "2015.??.??"]
[WhiteTeam "SC Dillingen"]
[BlackTeam "SG Post/Süd Regensburg"]

1. e4 c5 2. Nf3 Nc6 3. Bb5 Qb6 4. a4 e6 5. O-O a6 6. Bxc6 Qxc6 7. d3 d6 8. Nc3
Be7 9. e5 d5 10. Bf4 b6 11. d4 Bd8 12. Ne2 Ne7 13. c3 a5 14. Ng3 Ba6 15. Re1
Ng6 16. Be3 O-O 17. Nh5 Rc8 18. Qd2 Rc7 19. Bg5 f6 20. exf6 gxf6 21. Bh6 Re8
22. Re3 e5 23. h3 cxd4 24. cxd4 e4 25. Rc3 Qd6 26. Nh2 f5 27. Rac1 Rxc3 28.
Rxc3 Bc4 29. Nf1 Bxf1 30. Kxf1 Be7 31. Kg1 Bf8 32. Qg5 Rb8 33. Qf6 Qxf6 34.
Nxf6+ Kf7 35. Bxf8 Kxf6 36. Rc6+ Kf7 37. Bd6 Re8 38. g3 e3 39. fxe3 Rxe3 40. h4
Rb3 41. h5 Nf8 42. Rc7+ Ke8 43. Bxf8 Kxf8 44. Kg2 Rxb2+ 45. Kf3 Rb4 46. Kf4
Rxd4+ 47. Ke5 Rg4 48. Kf6 Ke8 49. Rxh7 f4 50. Ke6 Kd8 51. gxf4 Rxf4 52. h6 Rh4
53. Rh8+ Kc7 54. h7 1/2-1/2

[Event "Westerndorf St.Peter/Rosenheim"]
[Site "Westerndorf St.Peter/Rosenheim"]
[Date "2015.08.27"]
[Round "8.7"]
[White "Straub, Jürgen"]
[Black "Wisnet, Dominic"]
[Result "1/2-1/2"]
[WhiteElo "2202"]
[BlackElo "2249"]
[PlyCount "178"]
[EventDate "2015.??.??"]
[WhiteTeam "TSV Ingolstadt Nord"]
[BlackTeam "SV Röhrnbach"]

1. e4 c5 2. Nf3 d6 3. d4 cxd4 4. Nxd4 Nf6 5. f3 Nc6 6. c4 g6 7. Nc3 Bg7 8. Be3
O-O 9. Be2 Nxd4 10. Bxd4 Qa5 11. O-O Be6 12. Qd2 Rfc8 13. b3 b5 14. b4 Qxb4 15.
Rab1 Qa5 16. Rxb5 Qc7 17. c5 Nd7 18. Bxg7 Kxg7 19. Nd5 Bxd5 20. cxd6 Qxd6 21.
Rxd5 Qb6+ 22. Qd4+ Qxd4+ 23. Rxd4 Nb6 24. Ba6 Rc5 25. Rf2 Ra5 26. Bf1 Rc8 27.
Rb2 f5 28. exf5 gxf5 29. f4 Kf6 30. Kf2 Nd5 31. Bc4 Nc3 32. Bb3 h5 33. Ke1 Ne4
34. Rc4 Rxc4 35. Bxc4 Rc5 36. Bd3 Rc1+ 37. Ke2 Nc5 38. Bb1 h4 39. Ke3 Re1+ 40.
Kf2 Rh1 41. h3 Rc1 42. Rb5 e6 43. Rb4 Ke7 44. Rb2 a5 45. g3 hxg3+ 46. Kxg3 a4
47. Kh4 Kf6 48. Rc2 Rxb1 49. Rxc5 Rb2 50. Ra5 Rxa2 51. Kg3 Ra1 52. Kg2 a3 53.
h4 a2 54. Ra6 Kg6 55. Rxe6+ Kh5 56. Ra6 Kxh4 57. Ra5 Kg4 58. Ra4 Kh5 59. Ra6
Kh4 60. Ra5 Kg4 61. Ra4 Kh4 62. Ra5 Re1 63. Rxa2 Kg4 64. Kf2 Re4 65. Ra3 Rxf4+
66. Kg2 Rb4 67. Kf2 Rb2+ 68. Kf1 f4 69. Rc3 Rh2 70. Ra3 Rh5 71. Kf2 Rh2+ 72.
Kf1 Rd2 73. Rb3 Kf5 74. Ra3 Rd4 75. Kf2 Ke4 76. Rb3 Rd2+ 77. Kf1 Rc2 78. Ra3 f3
79. Ra8 Rc4 80. Re8+ Kf4 81. Rf8+ Kg3 82. Rg8+ Rg4 83. Rxg4+ Kxg4 84. Kf2 Kf4
85. Kf1 Kf5 86. Kf2 Ke4 87. Kf1 Ke3 88. Ke1 f2+ 89. Kf1 Kf3 1/2-1/2

[Event "Westerndorf St.Peter/Rosenheim"]
[Site "Westerndorf St.Peter/Rosenheim"]
[Date "2015.08.27"]
[Round "8.8"]
[White "Schelle, Artur"]
[Black "Prediger, Rupert"]
[Result "1-0"]
[WhiteElo "2204"]
[BlackElo "2279"]
[PlyCount "89"]
[EventDate "2015.??.??"]
[WhiteTeam "SC Tarrasch 45 München"]
[BlackTeam "SG Pang-Rosenheim 1910"]

1. e4 c5 2. Nf3 d6 3. Bb5+ Bd7 4. Bxd7+ Nxd7 5. O-O Ngf6 6. Qe2 Rc8 7. Rd1 g6
8. c3 Bg7 9. d4 cxd4 10. cxd4 O-O 11. Nc3 Nb6 12. Bg5 h6 13. Bh4 Nh5 14. Rac1
a6 15. b3 Qd7 16. a4 g5 17. Bg3 Nxg3 18. hxg3 e6 19. Qe3 Rc7 20. Ne2 Rxc1 21.
Rxc1 Rc8 22. g4 d5 23. e5 Rc6 24. Ng3 Qc7 25. Rxc6 Qxc6 26. Qd2 Nd7 27. Nh5 Nf8
28. Ne1 Ng6 29. Nxg7 Kxg7 30. Nd3 Qc7 31. a5 b6 32. axb6 Qxb6 33. Qb4 Qb5 34.
Qxb5 axb5 35. g3 Ne7 36. Nb4 h5 37. gxh5 g4 38. f3 Nf5 39. Nc2 gxf3 40. g4 Nh6
41. Kf2 Nxg4+ 42. Kxf3 f5 43. Na3 Kh6 44. Nxb5 Kxh5 45. Nc7 1-0

[Event "Westerndorf St.Peter/Rosenheim"]
[Site "Westerndorf St.Peter/Rosenheim"]
[Date "2015.08.27"]
[Round "8.9"]
[White "Bilchinski, Anton"]
[Black "Oberhofer, Cédric"]
[Result "1-0"]
[WhiteElo "2276"]
[BlackElo "2125"]
[PlyCount "61"]
[EventDate "2015.??.??"]
[WhiteTeam "SK Krumbach"]
[BlackTeam "SC Bavaria Regensburg 1881"]

1. d4 Nf6 2. c4 g6 3. Nc3 d5 4. Bf4 Bg7 5. e3 c5 6. dxc5 Qa5 7. Rc1 dxc4 8.
Bxc4 O-O 9. Nge2 Qxc5 10. Qb3 Qa5 11. O-O Na6 12. a3 Nc5 13. Qa2 Nce4 14. Nb5
Ne8 15. b4 Qb6 16. Nc7 Nxc7 17. Bxc7 Qf6 18. Bd5 Nd6 19. Nd4 Nf5 20. Nxf5 gxf5
21. f4 Qb2 22. Qxb2 Bxb2 23. Rb1 Bf6 24. b5 e6 25. Bf3 Re8 26. Rfd1 Kg7 27. a4
a6 28. b6 Bc3 29. Rbc1 Ba5 30. Rd4 f6 31. Rc5 1-0

[Event "Westerndorf St.Peter/Rosenheim"]
[Site "Westerndorf St.Peter/Rosenheim"]
[Date "2015.08.27"]
[Round "8.10"]
[White "Golder, Waldemar"]
[Black "Heimrath, Reiner"]
[Result "0-1"]
[WhiteElo "2009"]
[BlackElo "2213"]
[PlyCount "100"]
[EventDate "2015.??.??"]
[WhiteTeam "FC Ergolding 1932"]
[BlackTeam "SC Noris-Tarrasch Nürnberg 1873"]

1. e4 b6 2. d4 Bb7 3. Bd3 e6 4. c3 c5 5. Ne2 d6 6. O-O Nf6 7. Nd2 Be7 8. f4
cxd4 9. cxd4 O-O 10. Kh1 Nc6 11. a3 a5 12. Nf3 Ba6 13. Bxa6 Rxa6 14. Qd3 Ra8
15. Nc3 Nd7 16. Be3 Na7 17. Rfc1 Re8 18. Rc2 Qb8 19. Nb5 Nxb5 20. Qxb5 Nf6 21.
Nd2 Qb7 22. Rc6 Rab8 23. Rac1 Rec8 24. h3 Rxc6 25. Rxc6 Qd7 26. a4 Bd8 27. b3
d5 28. e5 Ne8 29. Rc2 Qxb5 30. axb5 Nc7 31. Kg1 Nxb5 32. Kf1 Kf8 33. Ke2 Ke8
34. Nf3 Kd7 35. Kd3 Rc8 36. Bc1 Rxc2 37. Kxc2 Be7 38. Bb2 Na7 39. Nd2 Kc6 40.
Nb1 b5 41. Bc3 b4 42. Bb2 Kb5 43. Nd2 Nc6 44. Nb1 a4 45. bxa4+ Kxa4 46. Nd2 Na5
47. Kd3 b3 48. g4 Bb4 49. Nf3 Nc4 50. Ba1 Ka3 0-1

[Event "Westerndorf St.Peter/Rosenheim"]
[Site "Westerndorf St.Peter/Rosenheim"]
[Date "2015.08.27"]
[Round "8.11"]
[White "Schlichtmann, Robin"]
[Black "Herrmann, Michael"]
[Result "1/2-1/2"]
[WhiteElo "2162"]
[BlackElo "2095"]
[PlyCount "32"]
[EventDate "2015.??.??"]
[WhiteTeam "SK Bruckmühl"]
[BlackTeam "SK Freilassing"]

1. e4 c6 2. d4 d5 3. f3 e6 4. Nc3 Bb4 5. Bd2 Ne7 6. a3 Ba5 7. Bd3 Nd7 8. Nce2
c5 9. Bxa5 Qxa5+ 10. b4 cxb4 11. axb4 Qxb4+ 12. c3 Qb6 13. e5 Qc7 14. f4 Nb6
15. Nf3 Nc4 16. Ng3 Nb2 1/2-1/2

[Event "Westerndorf St.Peter/Rosenheim"]
[Site "Westerndorf St.Peter/Rosenheim"]
[Date "2015.08.27"]
[Round "8.12"]
[White "Basener, Winfried"]
[Black "Nagy, Laszlo"]
[Result "0-1"]
[WhiteElo "2148"]
[BlackElo "1950"]
[PlyCount "106"]
[EventDate "2015.??.??"]
[WhiteTeam "SC Neuhausen 1908"]
[BlackTeam "SG Vogtareuth-Prutting"]

1. e4 c5 2. Nf3 d6 3. d4 cxd4 4. Nxd4 Nf6 5. Nc3 a6 6. Bg5 e6 7. f4 Be7 8. Qf3
Nbd7 9. O-O-O Qc7 10. Bd3 h6 11. h4 b5 12. Bxf6 Nxf6 13. g4 b4 14. Nce2 h5 15.
gxh5 Bb7 16. Kb1 Nxh5 17. Ng3 Nxg3 18. Qxg3 Bf6 19. Nf3 Rh5 20. Rhe1 Rc8 21. e5
dxe5 22. fxe5 Bxf3 23. Qxf3 Rxe5 24. h5 Rxe1 25. Rxe1 Ke7 26. Qe2 a5 27. Bb5
Qc5 28. Rd1 Rd8 29. Rxd8 Kxd8 30. Qd3+ Qd4 31. Qxd4+ Bxd4 32. a3 f5 33. axb4
axb4 34. Ka2 Ke7 35. Kb3 Kf6 36. c3 bxc3 37. bxc3 Ba7 38. Kc4 Kg5 39. Bd7 e5
40. Kd3 e4+ 41. Ke2 Bc5 42. Be8 Bd6 43. Bg6 Be5 44. c4 Bd4 45. Kf1 Kf4 46. Ke2
Ke5 47. c5 Bxc5 48. Be8 f4 49. h6 f3+ 50. Kf1 gxh6 51. Bg6 Kf4 52. Bf7 e3 53.
Bc4 h5 0-1

[Event "Westerndorf St.Peter/Rosenheim"]
[Site "Westerndorf St.Peter/Rosenheim"]
[Date "2015.08.27"]
[Round "8.13"]
[White "Schatz, Christian"]
[Black "Hinterreiter, Markus"]
[Result "1/2-1/2"]
[WhiteElo "2168"]
[BlackElo "2035"]
[PlyCount "59"]
[EventDate "2015.??.??"]
[WhiteTeam "TSV 1869 Rottendorf"]
[BlackTeam "TSV Trostberg"]

1. c4 Nf6 2. Nc3 e5 3. g3 d5 4. cxd5 Nxd5 5. Bg2 Nb6 6. Nf3 Nc6 7. O-O Be7 8.
d3 O-O 9. Be3 Be6 10. Rc1 Nd5 11. Nxd5 Bxd5 12. Qa4 Qc8 13. Nd2 Qe6 14. Bxd5
Qxd5 15. Qb3 Qxb3 16. Nxb3 Rfd8 17. Rc4 Rd5 18. Rfc1 a5 19. a4 f5 20. Kf1 Ra6
21. Bc5 Bd8 22. Ba3 Rb6 23. Rc5 Rxc5 24. Nxc5 Nb8 25. e4 Rc6 26. Nb3 Rxc1+ 27.
Nxc1 g6 28. Nb3 b6 29. exf5 gxf5 30. d4 1/2-1/2

[Event "Westerndorf St.Peter/Rosenheim"]
[Site "Westerndorf St.Peter/Rosenheim"]
[Date "2015.08.27"]
[Round "8.14"]
[White "Schewzow, Juri"]
[Black "Körber, Aljoscha"]
[Result "1/2-1/2"]
[WhiteElo "1758"]
[BlackElo "1940"]
[PlyCount "64"]
[EventDate "2015.??.??"]
[WhiteTeam "SG Vogtareuth-Prutting"]
[BlackTeam "SC Garching 1980"]

1. c4 c6 2. Nc3 d5 3. cxd5 cxd5 4. d4 Nf6 5. Nf3 Nc6 6. g3 a6 7. a3 b5 8. b4
Bb7 9. Bg2 Rc8 10. Bb2 e6 11. O-O Bd6 12. Qd3 Qb6 13. e3 O-O 14. Nd2 Rfd8 15.
Nb3 e5 16. Nc5 e4 17. Qd1 Rc7 18. f3 exf3 19. Bxf3 Bf8 20. Qb3 Ne7 21. a4 bxa4
22. N3xa4 Qd6 23. Nxb7 Rxb7 24. Nc5 Rb6 25. Qd3 Nc6 26. Nxa6 Nxb4 27. Nxb4 Qxb4
28. Bc3 Qb5 29. Qxb5 Rxb5 30. Rfb1 Rxb1+ 31. Rxb1 g6 32. Rb5 h5 1/2-1/2

[Event "Westerndorf St.Peter/Rosenheim"]
[Site "Westerndorf St.Peter/Rosenheim"]
[Date "2015.08.27"]
[Round "8.15"]
[White "Häußler, Phillip"]
[Black "Stadler, Alexander"]
[Result "1-0"]
[WhiteElo "2105"]
[BlackElo "2079"]
[PlyCount "51"]
[EventDate "2015.??.??"]
[WhiteTeam "SK Bad Aibling"]
[BlackTeam "SV Röhrnbach"]

1. d4 Nf6 2. Bg5 d5 3. Bxf6 exf6 4. e3 c5 5. Nc3 Be6 6. Nge2 Nc6 7. dxc5 Bxc5
8. Nf4 d4 9. Nxe6 fxe6 10. Qh5+ g6 11. Qxc5 dxc3 12. Qxc3 Rc8 13. Qb3 Qe7 14.
c3 O-O 15. Be2 Kg7 16. O-O h5 17. Rad1 Ne5 18. Qa4 a6 19. Qe4 b5 20. a4 Nc4 21.
Bxc4 Rxc4 22. Rd4 Rfc8 23. axb5 axb5 24. Qd3 Rxd4 25. exd4 b4 26. c4 1-0

[Event "Westerndorf St.Peter/Rosenheim"]
[Site "Westerndorf St.Peter/Rosenheim"]
[Date "2015.08.27"]
[Round "8.16"]
[White "Graf, Christian"]
[Black "Kretschel, Klaus"]
[Result "1/2-1/2"]
[WhiteElo "2133"]
[BlackElo "2029"]
[PlyCount "22"]
[EventDate "2015.??.??"]
[WhiteTeam "SU Ebersberg-Grafing"]
[BlackTeam "TuS Fürstenfeldbruck"]

1. e4 c5 2. Nf3 d6 3. Bb5+ Bd7 4. Bxd7+ Qxd7 5. c4 Nc6 6. d4 cxd4 7. Nxd4 Nf6
8. Nc3 g6 9. f3 Bg7 10. Be3 O-O 11. O-O Rfc8 1/2-1/2

[Event "Westerndorf St.Peter/Rosenheim"]
[Site "Westerndorf St.Peter/Rosenheim"]
[Date "2015.08.28"]
[Round "9.1"]
[White "Knoblauch, Leonhard"]
[Black "Miller, Eduard"]
[Result "0-1"]
[WhiteElo "2136"]
[BlackElo "2207"]
[PlyCount "124"]
[EventDate "2015.??.??"]
[WhiteTeam "SV Ilmmünster"]
[BlackTeam "SC Erlangen 48/88"]

1. e4 c5 2. Nf3 Nc6 3. d4 cxd4 4. Nxd4 g6 5. c4 Bg7 6. Nc2 d6 7. Nc3 Bxc3+ 8.
bxc3 Nf6 9. Bd3 Qa5 10. O-O b6 11. Nd4 Ne5 12. Bh6 Nfg4 13. Bg7 Rg8 14. Bxe5
Qxe5 15. f4 Qh5 16. h3 Ne3 17. Qxh5 gxh5 18. Rf3 Nxg2 19. Kf2 Nh4 20. Rg3 Rxg3
21. Kxg3 Ng6 22. h4 e5 23. fxe5 Nxe5 24. Be2 Ke7 25. Bxh5 Be6 26. c5 Rg8+ 27.
Kf2 dxc5 28. Nf3 Nxf3 29. Kxf3 Rd8 30. Ke3 Bc4 31. Be2 Bxe2 32. Kxe2 c4 33. Rb1
Rd3 34. Rb4 Rxc3 35. a4 Kf6 36. Kd2 Rh3 37. Rxc4 Rxh4 38. e5+ Kg5 39. Rc7 Rxa4
40. Rxf7 Kg6 41. Rf6+ Kg7 42. Kd3 b5 43. Rf5 Ra6 44. e6 Rxe6 45. Rxb5 Kg6 46.
Ra5 a6 47. Kd4 h5 48. Kd5 Rf6 49. Ke4 h4 50. Ra1 Kg5 51. Ke5 Rf8 52. Ke4 h3 53.
Rg1+ Kh4 54. Rg7 h2 55. Rh7+ Kg3 56. Rg7+ Kf2 57. Rh7 Kg1 58. Rg7+ Kf1 59. Rh7
Rf2 60. Ke3 Kg1 61. Rc7 h1=Q 62. Rc1+ Rf1 0-1

[Event "Westerndorf St.Peter/Rosenheim"]
[Site "Westerndorf St.Peter/Rosenheim"]
[Date "2015.08.28"]
[Round "9.2"]
[White "Dehlinger, Alexander"]
[Black "Baldauf, Marco"]
[Result "1/2-1/2"]
[WhiteElo "2258"]
[BlackElo "2413"]
[PlyCount "85"]
[EventDate "2015.??.??"]
[WhiteTeam "SC Garching 1980"]
[BlackTeam "SG Pang-Rosenheim 1910"]

1. Nf3 d5 2. d4 Nf6 3. c4 c6 4. Qc2 dxc4 5. Qxc4 Bg4 6. Nc3 Nbd7 7. e4 e5 8.
Nxe5 Nxe5 9. dxe5 Be6 10. Qd3 Ng4 11. Qxd8+ Rxd8 12. Bf4 Bc5 13. Bg3 Bd4 14.
Rd1 Bxe5 15. Rxd8+ Kxd8 16. Bxe5 Nxe5 17. f4 Ng4 18. Be2 Nf6 19. Kf2 Kc7 20.
Rd1 h6 21. g3 Re8 22. Rd2 Re7 23. Bf3 Rd7 24. Rxd7+ Nxd7 25. h4 f6 26. Ke3 b5
27. a3 a6 28. b4 c5 29. bxc5 Nxc5 30. e5 fxe5 31. fxe5 Kd7 32. Bg2 Bc4 33. Bh3+
Ke7 34. Bf5 a5 35. Kd4 Nb3+ 36. Ke3 Nc5 37. Kd4 Nb3+ 38. Ke3 Kf7 39. Bd7 b4 40.
axb4 axb4 41. Na2 Nc5 42. e6+ Bxe6 43. Bxe6+ 1/2-1/2

[Event "Westerndorf St.Peter/Rosenheim"]
[Site "Westerndorf St.Peter/Rosenheim"]
[Date "2015.08.28"]
[Round "9.3"]
[White "Manakov, Ilya"]
[Black "Liepold, Stefan"]
[Result "1/2-1/2"]
[WhiteElo "2340"]
[BlackElo "2252"]
[PlyCount "88"]
[EventDate "2015.??.??"]
[WhiteTeam "TV Tegernsee"]
[BlackTeam "SC Erlangen 48/88"]

1. d4 Nf6 2. c4 g6 3. Nc3 d5 4. Nf3 Bg7 5. cxd5 Nxd5 6. e4 Nxc3 7. bxc3 c5 8.
Be3 Qa5 9. Qd2 Nc6 10. Rc1 cxd4 11. cxd4 Qxd2+ 12. Kxd2 O-O 13. d5 Rd8 14. Ke1
Nb4 15. Bd2 Na6 16. Bxa6 bxa6 17. Ba5 Rd7 18. Nd2 f5 19. f3 fxe4 20. fxe4 e6
21. dxe6 Re7 22. Bb4 Rxe6 23. Rc7 Be5 24. Re7 a5 25. Rxe6 Bxe6 26. Bxa5 Bxa2
27. Ke2 Rb8 28. Kd3 Be6 29. h3 Bd7 30. Rc1 Rc8 31. Rxc8+ Bxc8 32. Nf3 Bg3 33.
Nd4 Bb7 34. Ne6 Bf2 35. Nc7 Kf7 36. Ke2 Bb6 37. Bxb6 axb6 38. Ke3 g5 39. g3 Bc6
40. Kd4 Kf6 41. h4 h6 42. Na6 Ke6 43. Nb4 Bb7 44. Nc2 gxh4 1/2-1/2

[Event "Westerndorf St.Peter/Rosenheim"]
[Site "Westerndorf St.Peter/Rosenheim"]
[Date "2015.08.28"]
[Round "9.4"]
[White "Knechtel, Roland"]
[Black "Großhans, Ralf-Michael"]
[Result "1-0"]
[WhiteElo "2264"]
[BlackElo "2135"]
[PlyCount "217"]
[EventDate "2015.??.??"]
[WhiteTeam "SV Röhrnbach"]
[BlackTeam "SK Weidhausen 1989"]

1. d4 Nf6 2. Nf3 d6 3. c4 Nbd7 4. Nc3 e5 5. Bg5 Be7 6. e3 Ng8 7. Bxe7 Nxe7 8.
Qc2 exd4 9. Nxd4 O-O 10. Be2 Ne5 11. Rd1 b6 12. O-O Bb7 13. f4 Nd7 14. e4 Ng6
15. Rd3 Re8 16. Rg3 Qf6 17. Ndb5 Rec8 18. Bg4 Ngf8 19. Qd2 a6 20. Nd4 Re8 21.
Nf5 Nc5 22. Bf3 Ng6 23. Qc2 Nxe4 24. Bxe4 Bxe4 25. Nh6+ gxh6 26. Nxe4 Qd4+ 27.
Nf2 Qxf4 28. Ng4 Qd4+ 29. Kh1 Qg7 30. Qd2 f5 31. Nxh6+ Kh8 32. Nxf5 Rf8 33. h3
Qd7 34. Qd4+ Ne5 35. Rgf3 Rf6 36. R3f2 Raf8 37. Nh6 Rxf2 38. Rxf2 Rxf2 39. Qxf2
Qg7 40. Qf4 a5 41. b3 Nd3 42. Nf7+ Kg8 43. Qf5 Qxf7 44. Qxd3 Qf2 45. a4 Kg7 46.
Kh2 Qb2 47. Qe3 Kf7 48. Kg3 Qc2 49. Kf3 Qd1+ 50. Ke4 Qc2+ 51. Kf3 Qd1+ 52. Kg3
Qb1 53. Kf4 Qb2 54. Kf3 Qb1 55. g3 Qc2 56. Qf4+ Kg7 57. Qg4+ Kf6 58. Qd4+ Kf7
59. Qe3 Qb1 60. g4 Qd1+ 61. Kg3 Qb1 62. Kf4 Qf1+ 63. Ke4 Qb1+ 64. Kf3 Qf1+ 65.
Kg3 Qb1 66. Qf3+ Ke6 67. g5 Qg6 68. h4 Qc2 69. Kg4 Qb1 70. Qf6+ Kd7 71. Qf5+
Qxf5+ 72. Kxf5 Ke7 73. h5 c6 74. Kf4 Ke6 75. h6 Kf7 76. Kf5 d5 77. cxd5 cxd5
78. Ke5 Kg6 79. Kxd5 Kxg5 80. Kc6 Kxh6 81. Kxb6 Kg5 82. Kxa5 h5 83. b4 h4 84.
b5 h3 85. b6 h2 86. b7 h1=Q 87. b8=Q Qa1 88. Qd6 Kg4 89. Kb5 Kh3 90. a5 Qb2+
91. Kc6 Qc3+ 92. Kb6 Qe3+ 93. Kb7 Qe4+ 94. Qc6 Qe7+ 95. Qc7 Qe4+ 96. Ka7 Qe3+
97. Ka6 Qe2+ 98. Kb6 Qe3+ 99. Qc5 Qb3+ 100. Kc6 Qf3+ 101. Qd5 Qc3+ 102. Kd6
Qa3+ 103. Ke6 Qe3+ 104. Kf5 Qf2+ 105. Kg6 Qa7 106. Qe6+ Kh4 107. a6 Qg1+ 108.
Kf7 Qa7+ 109. Qe7+ 1-0

[Event "Westerndorf St.Peter/Rosenheim"]
[Site "Westerndorf St.Peter/Rosenheim"]
[Date "2015.08.28"]
[Round "9.5"]
[White "Schmid, Roland"]
[Black "Schelle, Artur"]
[Result "1-0"]
[WhiteElo "2326"]
[BlackElo "2204"]
[PlyCount "55"]
[EventDate "2015.??.??"]
[WhiteTeam "SG Post/Süd Regensburg"]
[BlackTeam "SC Tarrasch 45 München"]

1. d4 d6 2. e4 Nf6 3. f3 d5 4. e5 Ng8 5. Bd3 g6 6. c4 c6 7. Nc3 e6 8. Nge2 Nh6
9. g4 Qh4+ 10. Ng3 f5 11. Be3 fxg4 12. Qd2 Nf7 13. O-O Bh6 14. fxg4 O-O 15.
Bxh6 Qxh6 16. Qxh6 Nxh6 17. g5 Rxf1+ 18. Rxf1 Nf7 19. h4 Kg7 20. b3 Bd7 21. Rf6
Bc8 22. h5 Nxg5 23. hxg6 Nd7 24. Nh5+ Kg8 25. gxh7+ Nxh7 26. Rg6+ Kh8 27. Rh6
Ndf8 28. Bxh7 1-0

[Event "Westerndorf St.Peter/Rosenheim"]
[Site "Westerndorf St.Peter/Rosenheim"]
[Date "2015.08.28"]
[Round "9.6"]
[White "Heimrath, Reiner"]
[Black "Bilchinski, Anton"]
[Result "1/2-1/2"]
[WhiteElo "2213"]
[BlackElo "2276"]
[PlyCount "125"]
[EventDate "2015.??.??"]
[WhiteTeam "SC Noris-Tarrasch Nürnberg 1873"]
[BlackTeam "SK Krumbach"]

1. Nf3 Nf6 2. g3 b6 3. Bg2 Bb7 4. O-O g6 5. c4 Bg7 6. Nc3 O-O 7. d3 d5 8. cxd5
Nxd5 9. Bd2 c5 10. Rc1 Nc6 11. a3 Re8 12. Qa4 e6 13. Bg5 Nxc3 14. bxc3 Qd6 15.
Rfd1 e5 16. Qh4 Qf8 17. e4 h6 18. Be3 Rad8 19. g4 Rd6 20. Qg3 Red8 21. Bf1 f5
22. gxf5 gxf5 23. exf5 Ne7 24. Nh4 Nxf5 25. Nxf5 Qxf5 26. Bh3 Qf7 27. Kf1 Bf3
28. Bg4 Bxd1 29. Rxd1 Rxd3 30. Re1 Qf6 31. Qg2 Kh8 32. Qe4 Rxc3 33. Rd1 Rxd1+
34. Bxd1 Qd8 35. Be2 Rxa3 36. Kg2 Qf8 37. Bc4 Ra4 38. Qc2 Rxc4 39. Qxc4 Qe8 40.
Qd5 Qg6+ 41. Kf1 a5 42. h4 Kh7 43. Qc4 Qc6 44. Qf7 a4 45. h5 a3 46. Kg1 Qe4 47.
Qb3 Qb4 48. Qd3+ e4 49. Qd5 c4 50. Qf5+ Kh8 51. Bd4 Bxd4 52. Qc8+ Kh7 53. Qf5+
Kg8 54. Qd5+ Kf8 55. Qd8+ Kf7 56. Qd5+ Ke7 57. Qxe4+ Kd7 58. Qxd4+ Kc7 59. Qf4+
Kb7 60. Qe4+ Ka7 61. Qh7+ Ka6 62. Qe4 Kb5 63. Qe8+ 1/2-1/2

[Event "Westerndorf St.Peter/Rosenheim"]
[Site "Westerndorf St.Peter/Rosenheim"]
[Date "2015.08.28"]
[Round "9.7"]
[White "Wisnet, Dominic"]
[Black "Lederle, Vitus"]
[Result "1-0"]
[WhiteElo "2249"]
[BlackElo "2215"]
[PlyCount "85"]
[EventDate "2015.??.??"]
[WhiteTeam "SV Röhrnbach"]
[BlackTeam "SC Dillingen"]

1. e4 c5 2. Nf3 e6 3. d4 cxd4 4. Nxd4 Qb6 5. Nb3 Qc7 6. Nc3 a6 7. g3 Nf6 8. Bg2
d6 9. O-O Be7 10. Be3 Nc6 11. a4 b6 12. Nd2 Rb8 13. g4 h5 14. g5 Ng4 15. Bf4
Nb4 16. h4 Bb7 17. Re1 g6 18. Bg3 O-O 19. Na2 Nxa2 20. Rxa2 Rbc8 21. c4 Ne5 22.
b3 Nd3 23. Rf1 e5 24. Nb1 Nc5 25. Nc3 Ne6 26. Bh3 Rcd8 27. Rd2 Qc5 28. Kh2 Qb4
29. Na2 Qc5 30. f3 Kg7 31. Nc1 Qc7 32. Nd3 Nc5 33. Nb4 Kh7 34. Nd5 Bxd5 35.
Rxd5 Ne6 36. f4 exf4 37. Bxf4 Nxf4 38. Rxf4 f6 39. Bf5 Kg7 40. Bxg6 fxg5 41.
Qxh5 gxf4 42. Qh7+ Kf6 43. Qh6 1-0

[Event "Westerndorf St.Peter/Rosenheim"]
[Site "Westerndorf St.Peter/Rosenheim"]
[Date "2015.08.28"]
[Round "9.8"]
[White "Lorenz, Mark"]
[Black "Straub, Jürgen"]
[Result "1/2-1/2"]
[WhiteElo "2222"]
[BlackElo "2202"]
[PlyCount "85"]
[EventDate "2015.??.??"]
[WhiteTeam "1. FC Marktleuthen"]
[BlackTeam "TSV Ingolstadt Nord"]

1. c4 c5 2. Nc3 Nc6 3. g3 g6 4. Bg2 Bg7 5. Nf3 d6 6. O-O e5 7. d3 Nge7 8. Rb1
h6 9. a3 a5 10. Ne1 Be6 11. Nd5 Rb8 12. Bd2 O-O 13. Nc2 b5 14. Nce3 b4 15. a4
f5 16. b3 f4 17. Nxe7+ Nxe7 18. Nd5 Nxd5 19. Bxd5 Bxd5 20. cxd5 Qf6 21. Qc2 f3
22. e4 g5 23. h3 Qg6 24. Kh2 Bf6 25. g4 Rb7 26. Rg1 Bd8 27. Be3 Kh8 28. Rg3 Rh7
29. Rh1 Kg8 30. Qd1 Rhf7 31. Qc1 Kh7 32. Qc4 Rg7 33. Kg1 Kg8 34. Kf1 Rh7 35.
Ke1 Qe8 36. Kd2 Qd7 37. Qc1 Qb7 38. Kc2 Qa6 39. Qd1 Rhf7 40. Kb2 Qb7 41. Rgg1
Rh7 42. h4 Qg7 43. h5 1/2-1/2